000 00483nam a2200193 a 4500
001 1765171463924
003 ACL
005 20251208105917.0
008 251208s2008##################000#0#eng##
020 _a9780747590316
082 0 4 _a630.92
_bBOY
100 1 _aBoycott, Rosie,
_eauthor.
245 1 0 _aSpotted Pigs and Green Tomatoes :
260 _bBloomsbury Paperbacks,
_c2008.
300 _a308 pages
650 0 _aFarm life.
942 _cENGLISH
040 _aACL
_beng
_cACL
999 _c601574
_d601574